Football players by Team History #4 - Statistics

General Stats
  • This quiz has been taken 1,589 times
  • The average score is 8 of 10
Answer Stats
Hint Answer % Correct
N'Golo Kanté 2011-2013 US Boulogne
95%
Sadio Mané 2012 FC Metz
88%
Pepe 2001-2004 Marítimo
84%
Frank Lampard 1995-2001 West Ham United
82%
Edinson Cavani 2005-2007 Danubio
79%
Franck Ribéry 2001-2002 Boulogne
78%
Axel Witsel 2006-2011 Standard de Liège
66%
Keylor Navas 2005-2010 Saprissa
65%
Mauro Icardi 2012-2013 Sampdoria
63%
Diego Costa 2006 Braga
59%
No matching quizzes found
Score Distribution
Percent of People with Each Score
Percentile by Number Answered
Your Score History
You have not taken this quiz